Çocuklar için çarpan bir yürek Atatürk'ün çocukları fotoğraf albümü (Record no. 1729)

MARC details
000 -BAŞLIK
Sabit Uzunlukta Kontrol Alanı 00788na a2200241 4500
001 - KONTROL NUMARASI
Denetim Alanı 14258
003 - KONTROL NUMARASI IDENTIFIER
Denetim Alanı MIRAKIL
005 - SON İŞLEM TARİHİ VE ZAMANI
Denetim Alanı 20181213154832.0
008 - SABİT-BOY VERİ ELEMANLARI - GENEL BİLGİLER
Sabit Uzunlukta Kontrol Alanı 161019b tu 000 0
035 ## - SİSTEM KONTROL NUMARASI
Sistem Kontrol Numarası 14258
040 ## - KATALOGLAMA KAYNAK
Orijinal Kataloglama Ajansı Milas
Kataloglama Dili tur
Metne Dönüştürmek Ajansı TR-AnCHP
041 ## - DİL KODU
Metin / Ses Parça Veya Ayrı Başlığın Dil Kodu tur
082 ## - DEWEY ONLU SINIFLANDIRMA NUMARASI
Sınıflandırma Numarası ATA 923.156
Ürün Numarası Ç61 2007
090 ## - SINIFLAMA NUMARASI
Sınıflama Numarası ATA 923.156 Ç61 2007
245 ## - BAŞLIK TABLOSU
Başlık Çocuklar için çarpan bir yürek Atatürk'ün çocukları fotoğraf albümü
Sorumluluk Tablosu, Vb hazırlayan Hanri Benazus
260 ## - YAYIN, DAĞITIM, VB
Yayın, Dağıtım, Vb Yeri İzmir
Yayıncı, Dağıtıcı, Vs Adı Emre Basımevi
Yayın, Dağıtım, Vb Tarihi 2007
300 ## - FİZİKSEL TANIM
Kapsam 142 s.
Diğer Fiziksel Ayrıntıları fotg.
Boyutlar 27 sm.
490 ## - SERİSİ TABLOSU
Seri Beyanı İzmir Ege Kültür Platformu Derneği Yayınları
-- 3
600 ## - KONU KATMA GİRİŞ - KURUMSAL ADI
Kişisel Ad Atatürk, Mustafa Kemal
Bir Adıyla İlişkilendirilen Tarihler 1881-1938
Genel Alt Bölümü Çocuklar
600 ## - KONU KATMA GİRİŞ - KURUMSAL ADI
Kişisel Ad Atatürk, Mustafa Kemal
Bir Adıyla İlişkilendirilen Tarihler 1881-1938
Genel Alt Bölümü Fotoğraflar
700 ## - KATMA GİRİŞ - KİŞİSEL İSİM
Kişisel Ad Benazus, Hanri
942 ## - EKLENDİ GİRİŞ ELEMANLARI (KOHA)
Sınıflandırma Veya Raf Düzeni Kaynak
Koha Öğesi Türü Books
999 ## - SİSTEM KONTROL NUMARALARI (KOHA)
Koha Biblionumber 1729
Koha Biblioitemnumber 1729
Holdings
Kullanım Kısıtlamaları Kalıcı Konum Mevcut Konum Edinme Tarihi Edinim Kaynak Kodlu Konum Eleme Toplam Check-Out'Lar Tam Çağrı Numarası Barkod Tarih Son Görülme İtibaren Geçerli Fiyatlar Koha Öğesi Türü Kopya Sayısı
Kütüphane dışına çıkarılamaz CHP Kütüphanesi CHP Kütüphanesi 08/25/2016 Bağış ATATÜRK   ATA 923.156 Ç61 2007 002161 08/25/2016 08/25/2016 Books  
Kütüphane dışına çıkarılamaz CHP Kütüphanesi CHP Kütüphanesi 02/20/2017 Bağış ATATÜRK   ATA 923.156 Ç61 2007 016628 02/20/2017 02/20/2017 Books k.2